[Event "URU-ch (Women)"]
[Site "Montevideo"]
[Date "2024.03.26"]
[Round "3"]
[White "Fabra, Nahiara"]
[Black "Cardozo, Camila"]
[Result "1-0"]
[WhiteElo "1815"]
[BlackElo "1686"]
[PlyCount "93"]
[EventDate "2024.03.24"]
[EventType "tourn"]
[EventRounds "7"]
[EventCountry "URU"]
[SourceTitle "CB14_2024"]
[SourceDate "2024.04.01"]
[SourceVersion "1"]
[SourceVersionDate "2024.04.01"]
[SourceQuality "1"]

1. e4 e6 2. d4 d5 3. e5 c5 4. c3 Nc6 5. Nf3 cxd4 6. Bd3 dxc3 7. Nxc3 f6 8. Bf4 g5 9. Bg3 f5 10. h3 Bg7 11. Qe2 Nh6 12. h4 g4 13. Ng5 0-0 14. f3 a6 15. Rc1 d4 16. Nd1 Qa5+ 17. Qd2 Qxd2+ 18. Kxd2 Nxe5 19. Bxe5 Bxe5 20. Kc2 Bf4 21. Ra1 Bd7 22. b3 Rac8+ 23. Kb2 b5 24. Re1 e5 25. Re2 Nf7 26. fxg4 Nxg5 27. hxg5 fxg4 28. Nf2 Rc3 29. Rh1 Bf5 30. Be4 Rg3 31. Bd5+ Kg7 32. Ne4 Bxe4 33. Bxe4 h6 34. Rxh6 Rh8 35. Rg6+ Kf7 36. Rc2 Re8 37. Rc7+ Re7 38. Rf6+ Ke8 39. Rc8+ Kd7 40. Bf5+ Re6 41. Bxe6+ Ke7 42. Rc7+ Kd8 43. Rd7+ Ke8 44. Rh6 Rxg2+ 45. Ka3 Rh2 46. Rxh2 Bxh2 47. g6 1-0

[Event "URU-chT"]
[Site "Montevideo"]
[Date "2023.07.22"]
[Round "2.3"]
[White "Caitano, Martin Joel"]
[Black "Cardozo, Camila"]
[Result "1-0"]
[WhiteElo "2075"]
[BlackElo "1521"]
[PlyCount "115"]
[EventDate "2023.07.21"]
[EventType "team-tourn"]
[EventRounds "5"]
[EventCountry "URU"]
[SourceTitle "CBM 215 Extra"]
[Source "ChessBase"]
[SourceDate "2023.09.30"]
[SourceVersion "1"]
[SourceVersionDate "2023.09.30"]
[SourceQuality "1"]
[WhiteTeam "Trebejos"]
[BlackTeam "Olimpiada 2024"]
[WhiteTeamCountry "URU"]
[BlackTeamCountry "URU"]

1. d4 Nf6 2. c4 e6 3. Nf3 d5 4. Bg5 Be7 5. Nc3 0-0 6. Rc1 Nbd7 7. e3 c6 8. cxd5 exd5 9. Bd3 Ne4 10. Bxe4 Bxg5 11. Nxg5 Qxg5 12. h4 Qe7 13. Bd3 Nf6 14. Qc2 h6 15. Ne2 Nh5 16. Kd2 Re8 17. Rce1 Bg4 18. Nc3 Qb4 19. a3 Qd6 20. Kc1 b5 21. Na2 a5 22. Qc5 Qd7 23. f3 Bf5 24. Bxf5 Qxf5 25. Qc2 Qd7 26. g4 Nf6 27. Rhg1 Kh8 28. g5 Nh7 29. Qg2 Rg8 30. Qg4 Qe7 31. Qf4 h5 32. e4 dxe4 33. fxe4 Qe6 34. Kb1 Qc4 35. Qd2 Rad8 36. Rd1 Nf8 37. Qc3 Qe6 38. Qf3 Qg6 39. Qf5 Qd6 40. Qxf7 g6 41. d5 Nh7 42. Nc3 Rgf8 43. Qb7 cxd5 44. exd5 b4 45. Nb5 Qf4 46. Rd4 Qe3 47. Rgd1 bxa3 48. Nxa3 Rb8 49. Qc7 Qxa3 50. Qe5+ Kg8 51. R4d3 Qb4 52. d6 Rf2 53. Qd5+ Kh8 54. b3 a4 55. d7 Rff8 56. Qe5+ Kg8 57. Qe6+ Kg7 58. d8Q 1-0

[Event "Montevideo Duchamp Cup 6th"]
[Site "Montevideo"]
[Date "2023.02.03"]
[Round "1"]
[White "Guerrero, Alvaro"]
[Black "Cardozo, Camila"]
[Result "1-0"]
[WhiteElo "2057"]
[BlackElo "1577"]
[PlyCount "43"]
[EventDate "2023.02.03"]
[EventType "swiss"]
[EventRounds "9"]
[EventCountry "URU"]
[SourceTitle "CBM 212 Extra"]
[Source "ChessBase"]
[SourceDate "2023.03.31"]
[SourceVersion "1"]
[SourceVersionDate "2023.03.31"]
[SourceQuality "1"]

1. e4 e6 2. d3 d5 3. Nd2 Nf6 4. Ngf3 Be7 5. g3 c5 6. Bg2 Nc6 7. 0-0 0-0 8. e5 Nd7 9. Re1 b5 10. h4 Bb7 11. Nf1 d4 12. h5 h6 13. N1h2 Nb6 14. Ng4 Bg5 15. Bxg5 hxg5 16. h6 Nd5 17. Qd2 f5 18. exf6 gxf6 19. Rxe6 Qd7 20. Rae1 Nd8 21. Nxf6+ Nxf6 22. Qxg5+ 1-0

[Event "URU-ch (Women)"]
[Site "Punta del Este"]
[Date "2020.03.07"]
[Round "4"]
[White "Silvera, Pilar"]
[Black "Cardozo, Camila"]
[Result "0-1"]
[WhiteElo "1434"]
[BlackElo "1647"]
[PlyCount "42"]
[EventDate "2020.03.06"]
[EventType "tourn"]
[EventRounds "7"]
[EventCountry "URU"]
[SourceTitle "CBM 195 Extra"]
[Source "ChessBase"]
[SourceDate "2020.05.31"]
[SourceVersion "1"]
[SourceVersionDate "2020.05.31"]
[SourceQuality "1"]

1. e4 e6 2. d4 d5 3. exd5 exd5 4. Nf3 Nc6 5. c3 Bd6 6. Bd3 Nge7 7. 0-0 Bg4 8. Nbd2 Qd7 9. Re1 0-0-0 10. b4 Bf5 11. Bf1 Nb8 12. a4 f6 13. Nb3 g5 14. Nc5 Qe8 15. Bb5 c6 16. Bf1 Qh5 17. g3 Bg4 18. Be2 Rhg8 19. Bb2 Rg6 20. Nd2 f5 21. Bxg4 Qxg4 0-1

[Event "Montevideo Duchamp Cup 4th"]
[Site "Montevideo"]
[Date "2020.02.09"]
[Round "3"]
[White "Meskanen, Vesa"]
[Black "Cardozo, Camila"]
[Result "1-0"]
[WhiteElo "2019"]
[BlackElo "1539"]
[PlyCount "55"]
[EventDate "2020.02.08"]
[EventType "swiss"]
[EventRounds "9"]
[EventCountry "URU"]
[SourceTitle "CBM 194 Extra"]
[Source "ChessBase"]
[SourceDate "2020.03.31"]
[SourceVersion "1"]
[SourceVersionDate "2020.03.31"]
[SourceQuality "1"]

1. d4 d5 2. c4 e6 3. Nf3 Nf6 4. g3 Be7 5. Bg2 0-0 6. 0-0 dxc4 7. Qc2 a6 8. Qxc4 b5 9. Qc2 Bb7 10. Bf4 Nd5 11. Bd2 Nd7 12. e4 N5f6 13. e5 Ne4 14. Ba5 Nb6 15. b3 c5 16. Rd1 Qc7 17. Ne1 f5 18. f3 Ng5 19. Rc1 Rac8 20. dxc5 Bxc5+ 21. Qxc5 Qxc5+ 22. Rxc5 Rxc5 23. Bxb6 Rxe5 24. Nc3 b4 25. Nd3 bxc3 26. Nxe5 Rc8 27. Rc1 Kf8 28. h4 1-0

[Event "South America-ch U18 Girls 16th"]
[Site "Buenos Aires"]
[Date "2019.12.04"]
[Round "6.7"]
[White "Aimale, Maria Pia"]
[Black "Cardozo, Camila"]
[Result "1-0"]
[WhiteElo "1477"]
[BlackElo "1613"]
[PlyCount "121"]
[EventDate "2019.12.01"]
[EventType "swiss"]
[EventRounds "9"]
[EventCountry "ARG"]
[SourceTitle "EXT 2024"]
[Source "ChessBase"]
[SourceDate "2023.10.10"]
[SourceVersion "1"]
[SourceVersionDate "2023.10.10"]
[SourceQuality "1"]

1. d4 Nf6 2. Nf3 d5 3. Bf4 c5 4. e3 Nc6 5. c3 Qb6 6. Qc2 Bf5 7. dxc5 Bxc2 8. cxb6 axb6 9. Na3 Be4 10. Nb5 Kd7 11. Ne5+ Nxe5 12. Bxe5 e6 13. f3 Bc2 14. Nd4 Bg6 15. Bb5+ Kd8 16. 0-0 Nd7 17. Bg3 e5 18. Nb3 f6 19. e4 dxe4 20. Rfd1 Be8 21. fxe4 Kc7 22. Bf2 Nc5 23. Bxe8 Nxb3 24. axb3 Rxe8 25. Rd5 Re6 26. Ra8 Rd6 27. Rxd6 Kxd6 28. Bxb6 Kc6 29. Bf2 g6 30. Kf1 Bg7 31. Rxh8 Bxh8 32. Ke2 f5 33. Kf3 Bf6 34. h4 h5 35. g3 Be7 36. b4 Kb5 37. b3 Bf8 38. Be1 Be7 39. c4+ Kc6 40. Bc3 Bf6 41. Bd2 Be7 42. Be1 Bf8 43. Ke3 Bh6+ 44. Kd3 Bf8 45. Ke3 Bh6+ 46. Kd3 Bf8 47. b5+ Kb6 48. b4 Be7 49. Bf2+ Kc7 50. b6+ Kd7 51. b5 Bb4 52. c5 Ba5 53. exf5 gxf5 54. Kc4 f4 55. gxf4 exf4 56. Kd5 Bd2 57. c6+ Kc8 58. Ke4 Bc1 59. Bd4 Bd2 60. Be5 bxc6 61. bxc6 1-0

[Event "URU-ch (Women)"]
[Site "Punta del Este"]
[Date "2019.03.29"]
[Round "2"]
[White "Cardozo, Camila"]
[Black "Quevedo, Andreina"]
[Result "1/2-1/2"]
[WhiteElo "1515"]
[BlackElo "1789"]
[PlyCount "83"]
[EventDate "2019.03.29"]
[EventType "swiss"]
[EventRounds "6"]
[EventCountry "URU"]
[SourceTitle "EXT 2021"]
[Source "ChessBase"]
[SourceDate "2020.10.23"]
[SourceVersion "1"]
[SourceVersionDate "2020.10.23"]
[SourceQuality "1"]

1. d4 Nf6 2. Nf3 g6 3. c4 Bg7 4. Nc3 0-0 5. e4 d6 6. Be2 e5 7. d5 a5 8. Bg5 h6 9. Bh4 Na6 10. Nd2 Bd7 11. 0-0 Qe8 12. b3 Nh7 13. f3 h5 14. a3 Bh6 15. Rb1 Be3+ 16. Kh1 Bc5 17. Qc1 f5 18. exf5 gxf5 19. f4 e4 20. Qd1 Qg6 21. Be7 Rfc8 22. Nb5 c6 23. Bxh5 Qh6 24. b4 axb4 25. axb4 Bxb4 26. Rxb4 cxb5 27. Rb1 e3 28. cxb5 exd2 29. bxa6 bxa6 30. Qf3 Ra7 31. Qe3 Rac7 32. Bd1 Re8 33. Qg3+ Qg7 34. Qxg7+ Kxg7 35. Bh4 Bb5 36. Rg1 Re4 37. g4 Rxf4 38. gxf5+ Kh8 39. Bg3 Rxf5 40. Bxd6 Rg7 41. Bg3 Bd3 42. Rb4 1/2-1/2